| 000 | 004170000a22001690004500 | ||
|---|---|---|---|
| 003 | MACL | ||
| 005 | 20151229165829.0 | ||
| 008 | 151229b xxu||||| |||| 00| 0 eng d | ||
| 040 |
_aMACL _cMACL |
||
| 041 | _aEnglish | ||
| 082 | _a239.3/HEA | ||
| 100 |
_aSt Augustine _923977 |
||
| 245 |
_aThe City of God _bvol 3 |
||
| 260 |
_bJ M Dent & Sons LTD _aLondon |
||
| 650 |
_aReligion _924334 |
||
| 942 |
_cBK _k239.3/HEA _2ddc |
||
| 999 |
_c37874 _d37874 |
||